Lost world (Record no. 16369)
[ view plain ]
| 000 -LEADER | |
|---|---|
| fixed length control field | 00480nam a2200133Ia 4500 |
| 008 - FIXED-LENGTH DATA ELEMENTS--GENERAL INFORMATION | |
| fixed length control field | 191206s9999 xx 000 0 und d |
| 090 ## - | |
| -- | PN1997 |
| 245 #0 - TITLE STATEMENT | |
| Title | Lost world |
| 250 ## - EDITION STATEMENT | |
| Edition statement | [Re-edited version]. |
| 260 ## - PUBLICATION, DISTRIBUTION, ETC. | |
| Place of publication, distribution, etc. | Kodascope Libraries |
| 260 ## - PUBLICATION, DISTRIBUTION, ETC. | |
| Date of publication, distribution, etc. | c[193-] |
| 300 ## - PHYSICAL DESCRIPTION | |
| Extent | "1 videocasette of 1 (Beta) (71 min.) : sd., b&w ;" |
| Withdrawn status | Lost status | Source of classification or shelving scheme | Damaged status | Not for loan | Home library | Current library | Date acquired | Total Checkouts | Full call number | Barcode | Date last seen | Price effective from | Koha item type |
|---|---|---|---|---|---|---|---|---|---|---|---|---|---|
| CUZ Bulawayo Campus | CUZ Bulawayo Campus | 06.12.2019 | PN1997 | BBK001041 | 06.12.2019 | 06.12.2019 | OS Book |